20 zufällige Charaktere nach Bildern - Digimon - Statistiken

Allgemein
  • Dieses Quiz wurde 27 mal gespielt
  • Das Durchschnittsergebnis liegt bei 12 aus 20
Antwortstatistiken
Bildquiz Antwort % Korrekt
Takeru Takaishi
92%
Mimi Tachikawa
91%
Taichi Yagami
89%
Yamato Ishida
88%
Koushiro Izumi
85%
Joe Kido
83%
Davis Motomiya
82%
Kari Yagami
82%
Cody Hida
80%
Digimonkaiser
80%
Gennai
77%
Sora Takenouchi
75%
Ken Ichijouji
73%
J.P. Shibayama
69%
Koichi Kimura
64%
Zoe Ayamoto
63%
Tommy Hyomi
62%
Koji Minamoto
58%
Rika Nonaka
58%
Yolei Inoue
56%
Ryo Akiyama
50%
Henry Wong
46%
Takato Matsuki
44%
Kenta Kitagawa
43%
Yukio Oikawa
31%
Kazu Shiota
30%
Takuya Kanbara
27%
Jen Katou
22%
Ai
21%
Suzie Wong
20%
Mako
17%
Mitsuo Yamaki
8%
Keine übereinstimmenden Quizze gefunden
Verteilung der Resultate
Anzahl Personen mit jedem Resultat
Perzentil nach korrekt beantworteten Fragen
Ihre Resultats-Entwicklung
Sie haben dieses Quiz noch nicht gespielt